Detalles MARC
| 000 -LÍDER |
| Campo fijo de descripción fija |
01056nam a2200301 i 4500 |
| 001 - NÚMERO DE CONTROL |
| Campo de control |
768714001 |
| 003 - IDENTIFICADOR DEL NÚMERO DE CONTROL |
| Campo de control |
CO-MdFUSB |
| 005 - FECHA Y HORA DE LA ULTIMA TRANSACCIÓN |
| control field |
20241204105709.0 |
| 007 - CAMPO FIJO DE DESCRIPCIÓN FIJA--INFORMACIÓN GENERAL |
| Campo fijo de descripción fija |
ta |
| 008 - ELEMENTOS DE LONGITUD FIJA -- INFORMACIÓN GENERAL |
| Campo fijo de descripción fija -- Información general |
241204t2004 -us||||| |||| 001 0 spa d |
| 020 ## - NÚMERO INTERNACIONAL NORMALIZADO PARA LIBROS |
| Número Internacional Normalizado del libro |
0-8297-3939-4 |
| 040 ## - FUENTE DE CATALOGACIÓN |
| Agencia de catalogación original |
CO-MdFUSB |
| Idioma de catalogación |
spa |
| Agencia que realiza la transcripción |
CO-MdFUSB |
| Agencia que realiza la modificación |
CO-MdFUSB |
| Convenciones de la descripción |
rda |
| 041 0# - CÓDIGO DE IDIOMA |
| Código de idioma para texto/pista de sonido o título separado |
spa |
| 082 04 - NÚMERO DE CLASIFICACIÓN DECIMAL DEWEY |
| Número de clasificación |
236.9 |
| Número de la edición del Dewey |
23 |
| Clave de autor-Numero de item |
B6651t |
| 245 10 - TÍTULO |
| Título del Material |
Tres puntos de vista del milenio y el más allá : La posición del creyente ante el retorno inminente del Señor Jesucristo |
| Mención de responsabilidad, etc. |
/ Darrell L. Bock... [et. al.] ; Robert Simons, Traductor. |
| 264 #1 - PRODUCCIÓN, PUBLICACIÓN, DISTRIBUCIÓN, MANUFACTURA, Y COPYRIGHT |
| Nombre del productor, publicador, distribuidor |
Vida, |
| Lugar de producción, publicación, distribución, manufactura |
Miami Florida |
| Fecha de producción, publicación, distribución, manufactura, o copyright |
[2004] |
| 264 #4 - PRODUCCIÓN, PUBLICACIÓN, DISTRIBUCIÓN, MANUFACTURA, Y COPYRIGHT |
| Fecha de producción, publicación, distribución, manufactura, o copyright |
©2004 |
| 300 ## - DESCRIPCIÓN FÍSICA |
| Extensión |
454 Pág. |
| 336 ## - TIPO DE CONTENIDO |
| Término de tipo de contenido |
texto |
| Código de tipo de contenido |
txt |
| Fuente |
rdacontent |
| 337 ## - TIPO DE MEDIO |
| Fuente |
rdamedia |
| Nombre del tipo de medio |
sin mediación |
| Código del tipo de medio |
n |
| 338 ## - TIPO DE SOPORTE |
| Fuente |
rdacarrier |
| Nombre del tipo de soporte |
volumen |
| Código Tipo de soporte |
nc |
| 500 ## - NOTA GENERAL |
| Nota General |
Título original : Three views on the millennium and beyond |
| 505 ## - NOTA DE CONTENIDO |
| Título |
Posmilenialismo. -- Amilenialismo. -- Premilenialismo. -- Ensayo de resumen. -- Bibliografía selecta. |
| 563 ## - NOTA DE ENCUADERNACIÓN |
| Nota de encuadernación |
rustica |
| 650 14 - ASIENTO SECUNDARIO DE MATERIA - TERMINO TEMÁTICO |
| Término temático o nombre geográfico como elemento de entrada |
MILENIARISMO |
| 942 ## - TIPO DE MATERIAL (KOHA) |
| Tipo de Item KOHA |
Libros General |
| 945 ## - INFORMACIÓN LOCAL DEL REGISTRO |
| Catalogador |
Luz Peña |